[Event "USA-chT Amateur East"]
[Site "Parsippany"]
[Date "2011.02.20"]
[Round "3"]
[White "Harding, Andre E"]
[Black "Sagalchik, Gennadij"]
[Result "0-1"]
[WhiteElo "1978"]
[BlackElo "2441"]
[PlyCount "78"]
[EventDate "2011.02.19"]
[EventType "team-swiss"]
[EventRounds "6"]
[EventCountry "USA"]
[SourceTitle "CBM 141 Extra"]
[Source "ChessBase"]
[SourceDate "2011.05.03"]
[SourceVersion "1"]
[SourceVersionDate "2011.05.03"]
[SourceQuality "1"]

1. e4 e5 2. Nf3 Nc6 3. Bb5 a6 4. Ba4 Nf6 5. 0-0 Nxe4 6. d4 b5 7. Bb3 d5 8. dxe5 Be6 9. Nbd2 Nc5 10. c3 Bg4 11. Bc2 Qd7 12. Re1 Be7 13. Nf1 Rd8 14. Ng3 d4 15. Be4 Nxe4 16. Rxe4 dxc3 17. Qxd7+ Bxd7 18. bxc3 0-0 19. Bf4 Be6 20. a4 Bd5 21. Ree1 Bxf3 22. gxf3 Rd3 23. axb5 axb5 24. Re3 Rxe3 25. Bxe3 Nxe5 26. Kg2 Nc4 27. Ra7 Rc8 28. Rb7 Nd6 29. Ra7 Bf6 30. Ne2 Kf8 31. Bc5 Ke7 32. Nf4 Kd7 33. Nd5 Kc6 34. Nxf6 Kxc5 35. Ng4 Nc4 36. f4 f6 37. Kf3 Nb6 38. Ne3 Na4 39. c4 Kb6 0-1

[Event "ACP Blitz Prelim2"]
[Site "Playchess.com INT"]
[Date "2004.04.13"]
[Round "11"]
[White "Gallegos, Carlos"]
[Black "Sagalchik, Gennadij"]
[Result "0-1"]
[WhiteElo "2452"]
[BlackElo "2487"]
[PlyCount "96"]
[EventDate "2004.04.13"]
[EventType "tourn (blitz)"]
[EventRounds "17"]
[EventCountry "GER"]
[EventCategory "12"]
[SourceTitle "CBM 099 Extra"]
[Source "ChessBase"]
[SourceDate "2004.05.04"]
[SourceVersion "1"]
[SourceVersionDate "2004.05.04"]
[SourceQuality "1"]

1. e4 e5 2. Nf3 Nc6 3. Bb5 a6 4. Ba4 Nf6 5. 0-0 Nxe4 6. d4 b5 7. d5 bxa4 8. dxc6 d6 9. c4 Be7 10. Qxa4 0-0 11. Be3 f5 12. Qc2 Nf6 13. c5 f4 14. cxd6 Bxd6 15. Bc5 e4 16. Ng5 Qe8 17. Bxd6 cxd6 18. Nc3 d5 19. Qb3 Qe5 20. Ncxe4 Nxe4 21. Nxe4 Qxe4 22. Rfe1 Qf5 23. Re7 f3 24. Rd1 Be6 25. Qxf3 Qxf3 26. gxf3 Rfe8 27. Rb7 Rab8 28. Rc1 Rec8 29. b4 Rxb7 30. cxb7 Rxc1+ 31. Kg2 Rc8 32. bxc8Q+ Bxc8 33. Kg3 Kf7 34. Kf4 Ke6 35. Ke3 Bd7 36. Kd4 Kd6 37. f4 Ba4 38. h4 Bb5 39. a3 Bd7 40. f3 Bc6 41. f5 Bd7 42. f6 gxf6 43. f4 f5 44. Kd3 Kc6 45. a4 Kb6 46. b5 axb5 47. axb5 Kxb5 48. Kd4 Kc6 0-1

[Event "ACP Blitz Prelim2"]
[Site "Playchess.com INT"]
[Date "2004.04.13"]
[Round "7"]
[White "Ghaem Maghami, Ehsan"]
[Black "Sagalchik, Gennadij"]
[Result "1-0"]
[WhiteElo "2558"]
[BlackElo "2487"]
[PlyCount "91"]
[EventDate "2004.04.13"]
[EventType "tourn (blitz)"]
[EventRounds "17"]
[EventCountry "GER"]
[EventCategory "12"]
[SourceTitle "CBM 099 Extra"]
[Source "ChessBase"]
[SourceDate "2004.05.04"]
[SourceVersion "1"]
[SourceVersionDate "2004.05.04"]
[SourceQuality "1"]

1. e4 e5 2. Nf3 Nc6 3. Bb5 a6 4. Ba4 Nf6 5. 0-0 Nxe4 6. d4 b5 7. Bb3 d5 8. dxe5 Be6 9. c3 Be7 10. Be3 Nc5 11. Bc2 Nd7 12. Re1 Ndxe5 13. Nxe5 Nxe5 14. Bd4 Nc6 15. Bxg7 Rg8 16. Qh5 Kd7 17. Bh6 Bf6 18. f4 d4 19. Be4 Ne7 20. Qc5 c6 21. Bg5 Bxg5 22. fxg5 Kc7 23. cxd4 Qd6 24. Qxd6+ Kxd6 25. h4 Bf5 26. Nd2 Rad8 27. Rf1 Bg6 28. Bxg6 fxg6 29. Ne4+ Kd5 30. Nf6+ Kxd4 31. Rad1+ Kc5 32. Nxg8 Rxg8 33. Rf6 Nf5 34. Rc1+ Kd5 35. Rcxc6 Nxh4 36. Rxa6 Nf5 37. Ra5 Kc5 38. a4 Kb4 39. Rxb5+ Kxa4 40. Rb7 Ra8 41. Rxh7 Kb3 42. Rxg6 Kxb2 43. Rc7 Ng3 44. Rb6+ Ka3 45. Rc3+ Ka4 46. Rxg3 1-0

[Event "ACP Blitz Prelim2"]
[Site "Playchess.com INT"]
[Date "2004.04.13"]
[Round "10"]
[White "Sagalchik, Gennadij"]
[Black "Glek, Igor Vladimirovich"]
[Result "0-1"]
[WhiteElo "2487"]
[BlackElo "2571"]
[PlyCount "56"]
[EventDate "2004.04.13"]
[EventType "tourn (blitz)"]
[EventRounds "17"]
[EventCountry "GER"]
[EventCategory "12"]
[SourceTitle "CBM 099 Extra"]
[Source "ChessBase"]
[SourceDate "2004.05.04"]
[SourceVersion "1"]
[SourceVersionDate "2004.05.04"]
[SourceQuality "1"]

1. d4 e6 2. e4 d5 3. Nd2 Be7 4. Ngf3 Nf6 5. Bd3 c5 6. e5 Nfd7 7. c3 Nc6 8. 0-0 h5 9. Re1 cxd4 10. cxd4 g5 11. Nb3 a5 12. a4 g4 13. Nfd2 Nb6 14. Nf1 Nb4 15. Bb5+ Bd7 16. Ne3 Bxb5 17. axb5 Nd7 18. f3 a4 19. Nd2 Qb6 20. Ndf1 gxf3 21. Qxf3 Qxd4 22. Rd1 Qxe5 23. Bd2 Qe4 24. Qh3 Nd3 25. Bc3 Nf4 26. Qg3 Ne2+ 27. Kh1 Nxg3+ 28. hxg3 Bf6 0-1

[Event "ACP Blitz Prelim2"]
[Site "Playchess.com INT"]
[Date "2004.04.13"]
[Round "6"]
[White "Sagalchik, Gennadij"]
[Black "Grabuzova, Tatiana"]
[Result "1/2-1/2"]
[WhiteElo "2487"]
[BlackElo "2348"]
[PlyCount "99"]
[EventDate "2004.04.13"]
[EventType "tourn (blitz)"]
[EventRounds "17"]
[EventCountry "GER"]
[EventCategory "12"]
[SourceTitle "CBM 099 Extra"]
[Source "ChessBase"]
[SourceDate "2004.05.04"]
[SourceVersion "1"]
[SourceVersionDate "2004.05.04"]
[SourceQuality "1"]

1. d4 e6 2. c4 b6 3. Nc3 Bb7 4. e4 Bb4 5. Bd3 f5 6. Bd2 Nf6 7. f3 Nc6 8. Nge2 0-0 9. e5 Nh5 10. f4 Qh4+ 11. Kf1 Ne7 12. d5 exd5 13. Nxd5 Nxd5 14. cxd5 Bxd2 15. Qxd2 Bxd5 16. Qe3 g5 17. Qf2 Qxf2+ 18. Kxf2 Nxf4 19. Nxf4 gxf4 20. Rac1 c6 21. Bc4 Bxc4 22. Rxc4 Rae8 23. Rd1 Rf7 24. Re1 Rfe7 25. Rd4 d5 26. Rc1 Rxe5 27. Rxc6 Re2+ 28. Kf3 Re1 29. Kxf4 R8e4+ 30. Rxe4 fxe4 31. Rd6 Rd1 32. Rd7 Rd2 33. b4 Rxg2 34. Rxd5 Rxa2 35. Kxe4 Rxh2 36. b5 Rh4+ 37. Kf3 Ra4 38. Rd7 a6 39. bxa6 Rxa6 40. Rb7 h5 41. Kf4 Ra5 42. Rxb6 Kg7 43. Kg3 Kf7 44. Kh4 Kg7 45. Rc6 Kf7 46. Rd6 Kg7 47. Rb6 Kf7 48. Rh6 Kg7 49. Rxh5 Rxh5+ 50. Kxh5 1/2-1/2

[Event "American Continental 02nd"]
[Site "Buenos Aires"]
[Date "2003.08.29"]
[Round "11"]
[White "Sagalchik, Gennadij"]
[Black "Dorin, Mauricio"]
[Result "1/2-1/2"]
[WhiteElo "2491"]
[BlackElo "2395"]
[PlyCount "39"]
[EventDate "2003.08.17"]
[EventType "swiss"]
[EventRounds "11"]
[EventCountry "ARG"]
[SourceTitle "CBM 097"]
[Source "ChessBase"]
[SourceDate "2003.11.11"]
[SourceVersion "1"]
[SourceVersionDate "2003.11.11"]
[SourceQuality "1"]

1. d4 e6 2. c4 Nf6 3. Nc3 Bb4 4. a3 Bxc3+ 5. bxc3 c5 6. f3 d6 7. e4 Nc6 8. d5 Ne5 9. f4 Ng6 10. Bd3 exd5 11. cxd5 0-0 12. Ne2 Bg4 13. 0-0 Re8 14. h3 Bxe2 15. Qxe2 Nxe4 16. f5 Nf6 17. Qf2 Ne5 18. Bb5 Nfd7 19. Bf4 f6 20. Rab1 1/2-1/2

[Event "American Continental 02nd"]
[Site "Buenos Aires"]
[Date "2003.08.26"]
[Round "8"]
[White "Shabalov, Alexander"]
[Black "Sagalchik, Gennadij"]
[Result "1/2-1/2"]
[WhiteElo "2575"]
[BlackElo "2491"]
[PlyCount "56"]
[EventDate "2003.08.17"]
[EventType "swiss"]
[EventRounds "11"]
[EventCountry "ARG"]
[SourceTitle "CBM 097"]
[Source "ChessBase"]
[SourceDate "2003.11.11"]
[SourceVersion "1"]
[SourceVersionDate "2003.11.11"]
[SourceQuality "1"]

1. d4 d5 2. c4 e5 3. dxe5 d4 4. Nf3 Nc6 5. g3 Be6 6. Nbd2 Bb4 7. Bg2 Bxc4 8. 0-0 Bxd2 9. Qxd2 Nge7 10. Rd1 0-0 11. Nxd4 Nxd4 12. Qxd4 Bxe2 13. Qxd8 Raxd8 14. Rxd8 Rxd8 15. Bg5 Kf8 16. Bxb7 Rb8 17. Be4 Rxb2 18. Be3 a6 19. Rc1 c6 20. a3 Ke8 21. Bc5 Ra2 22. Kg2 g6 23. h3 Kd7 24. Bd6 Bb5 25. Rc3 Nf5 26. Bb4 Nd4 27. Bc5 Rd2 28. g4 Ne6 1/2-1/2

[Event "American Continental 02nd"]
[Site "Buenos Aires"]
[Date "2003.08.21"]
[Round "4"]
[White "Vescovi, Giovanni P"]
[Black "Sagalchik, Gennadij"]
[Result "1-0"]
[WhiteElo "2618"]
[BlackElo "2491"]
[PlyCount "47"]
[EventDate "2003.08.17"]
[EventType "swiss"]
[EventRounds "11"]
[EventCountry "ARG"]
[SourceTitle "CBM 097"]
[Source "ChessBase"]
[SourceDate "2003.11.11"]
[SourceVersion "1"]
[SourceVersionDate "2003.11.11"]
[SourceQuality "1"]

1. e4 e5 2. Nf3 Nc6 3. Bb5 a6 4. Ba4 Nf6 5. 0-0 Nxe4 6. d4 b5 7. Bb3 d5 8. dxe5 Be6 9. Nbd2 Nc5 10. c3 Bg4 11. Bc2 Be7 12. Re1 0-0 13. Nb3 Ne4 14. Bf4 f6 15. exf6 Nxf6 16. Qd3 Ne4 17. Bxc7 Qd7 18. Ne5 Nxe5 19. Bxe5 Bh4 20. Bg3 Bxg3 21. hxg3 Rxf2 22. Rxe4 Bf5 23. Kxf2 Bxe4 24. Qd2 1-0

[Event "American Continental 02nd"]
[Site "Buenos Aires"]
[Date "2003.08.17"]
[Round "1"]
[White "Sagalchik, Gennadij"]
[Black "Rodi, Luis Ernesto"]
[Result "1-0"]
[WhiteElo "2491"]
[BlackElo "2221"]
[PlyCount "59"]
[EventDate "2003.08.17"]
[EventType "swiss"]
[EventRounds "11"]
[EventCountry "ARG"]
[SourceTitle "CBM 097"]
[Source "ChessBase"]
[SourceDate "2003.11.11"]
[SourceVersion "1"]
[SourceVersionDate "2003.11.11"]
[SourceQuality "1"]

1. d4 f5 2. Nc3 d5 3. Bg5 g6 4. Qd2 Bg7 5. h4 Be6 6. Nf3 c6 7. Bf4 Nd7 8. h5 Ngf6 9. h6 Bf8 10. Ne5 Ne4 11. Nxe4 dxe4 12. f3 exf3 13. exf3 Nf6 14. a3 Nd5 15. Bh2 Rg8 16. 0-0-0 Nb6 17. Re1 a6 18. c4 Qc8 19. Bd3 Nd7 20. Kb1 b5 21. d5 cxd5 22. cxd5 Nxe5 23. Rxe5 Bf7 24. g4 fxg4 25. Be4 Ra7 26. Rc1 Qd8 27. d6 Rd7 28. Bc6 Bc4 29. dxe7 Bxe7 30. Rce1 1-0

[Event "USA-chT Amateur East"]
[Site "Parsipanny"]
[Date "2002.02.17"]
[Round "4"]
[White "Berg, George P"]
[Black "Sagalchik, Gennadij"]
[Result "0-1"]
[WhiteElo "2256"]
[BlackElo "2531"]
[PlyCount "114"]
[EventDate "2002.02.16"]
[EventType "team"]
[EventRounds "6"]
[EventCountry "USA"]
[SourceTitle "CBM 086 Extra"]
[Source "ChessBase"]
[SourceDate "2002.03.14"]
[SourceVersion "1"]
[SourceVersionDate "2002.03.14"]
[SourceQuality "1"]

1. e4 e5 2. Nf3 Nc6 3. Bb5 a6 4. Bxc6 dxc6 5. 0-0 f6 6. d4 exd4 7. Nxd4 c5 8. Nb3 Qxd1 9. Rxd1 Bg4 10. f3 Be6 11. Bf4 c4 12. Nd4 0-0-0 13. Nc3 Bf7 14. Nf5 Rxd1+ 15. Rxd1 g6 16. Ne3 Bc5 17. Kf2 Ne7 18. Ke2 Nc6 19. Ned5 Nd4+ 20. Kf1 Nxc2 21. Rc1 Nb4 22. Na4 Bxd5 23. Nxc5 Bf7 24. a3 Nc6 25. Rd1 Rd8 26. Rxd8+ Nxd8 27. Kf2 b6 28. Na4 Kb7 29. Ke3 Ne6 30. Bg3 c5 31. Bd6 Kc6 32. Be7 f5 33. g3 b5 34. Nc3 a5 35. Bf6 Nc7 36. Kf4 b4 37. Nb1 Ne6+ 38. Ke3 Kb5 39. Be5 Ka4 40. axb4 cxb4 41. Nd2 Kb5 42. Bf6 a4 43. Nb1 Kc6 44. Be5 fxe4 45. fxe4 g5 46. Nd2 Kb5 47. Nf3 c3 48. bxc3 b3 49. Nd2 Bg6 50. Nb1 Nc5 51. Na3+ Kc6 52. Bd4 Nxe4 53. Nc4 Nd6 54. Ne5+ Kd5 55. c4+ Nxc4+ 56. Nxc4 Kxc4 57. Bb2 Kb4 0-1

[Event "USA-ch"]
[Site "Seattle"]
[Date "2002.01.12"]
[Round "8"]
[White "Kaliksteyn, Alexander"]
[Black "Sagalchik, Gennadij"]
[Result "1/2-1/2"]
[WhiteElo "2378"]
[BlackElo "2531"]
[PlyCount "86"]
[EventDate "2002.01.05"]
[EventType "swiss"]
[EventRounds "9"]
[EventCountry "USA"]
[SourceTitle "CBM 087"]
[Source "ChessBase"]
[SourceDate "2002.03.21"]
[SourceVersion "1"]
[SourceVersionDate "2002.03.21"]
[SourceQuality "1"]

1. e4 e5 2. Nf3 Nc6 3. Bb5 a6 4. Bxc6 dxc6 5. 0-0 f6 6. d4 exd4 7. Nxd4 c5 8. Nb3 Qxd1 9. Rxd1 Bg4 10. f3 Be6 11. Bf4 c4 12. Nd4 0-0-0 13. Nc3 Bf7 14. Nf5 Rxd1+ 15. Rxd1 g6 16. Nd4 Ne7 17. Kf2 Bg7 18. Be3 b6 19. h3 Re8 20. Nde2 Nc6 21. Nd4 Nb8 22. g4 Kb7 23. Nde2 b5 24. a3 Nc6 25. Nd4 Nb8 26. Nde2 Nc6 27. Nd4 Ne7 28. Nde2 f5 29. Bd4 Bf8 30. Bc5 Kc6 31. Bxe7 Bxe7 32. Nd4+ Kc5 33. exf5 Bh4+ 34. Kg2 Rd8 35. Ne6+ Bxe6 36. Rxd8 Bxd8 37. fxe6 Kd6 38. f4 Kxe6 39. Kf3 Bf6 40. Nd1 a5 41. Ke4 a4 42. c3 Bh4 43. Kf3 Be1 1/2-1/2

[Event "US Open-102"]
[Site "Framingham"]
[Date "2001.08.11"]
[Round "8"]
[White "Kudrin, Sergey"]
[Black "Sagalchik, Gennadij"]
[Result "1/2-1/2"]
[WhiteElo "2519"]
[BlackElo "2537"]
[PlyCount "103"]
[EventDate "2001.08.04"]
[EventType "swiss"]
[EventRounds "9"]
[EventCountry "USA"]
[SourceTitle "CBM 083 Extra"]
[Source "ChessBase"]
[SourceDate "2001.09.11"]
[SourceVersion "1"]
[SourceVersionDate "2001.09.11"]
[SourceQuality "1"]

1. e4 e5 2. Nf3 Nc6 3. Bc4 Nf6 4. d3 Bc5 5. c3 d6 6. 0-0 a6 7. Bb3 Ba7 8. Re1 Qe7 9. Nbd2 Be6 10. Nf1 h6 11. Ng3 g6 12. Ba4 Bd7 13. d4 Kf8 14. h3 Kg7 15. Be3 h5 16. Bg5 Qe8 17. Bc2 Ng8 18. Qd2 f6 19. Be3 h4 20. Nf1 Rd8 21. Rad1 Bb8 22. b4 Nce7 23. dxe5 dxe5 24. Ba4 b5 25. Bb3 Nc8 26. Qc1 g5 27. N3h2 Nh6 28. Nd2 Nd6 29. c4 Ndf7 30. f3 Ng8 31. Nb1 Ne7 32. Nc3 Nc6 33. Nd5 Nd4 34. Qc3 c6 35. Nb6 Be6 36. c5 Bxb3 37. axb3 Ne2+ 38. Rxe2 Rxd1+ 39. Kf2 Qd8 40. Ra2 Qd3 41. Qxd3 Rxd3 42. Rxa6 Rxb3 43. Bd2 Rb2 44. Nf1 Rd8 45. Ke2 Nh8 46. Na8 Ng6 47. Rxc6 Nf4+ 48. Kf2 Nd3+ 49. Kg1 Nxb4 50. Bxb4 Rxb4 51. Nb6 Rd3 52. Rc8 1/2-1/2

[Event "US Open-102"]
[Site "Framingham"]
[Date "2001.08.07"]
[Round "4"]
[White "Sagalchik, Gennadij"]
[Black "Readey, John"]
[Result "1-0"]
[WhiteElo "2537"]
[BlackElo "2306"]
[PlyCount "59"]
[EventDate "2001.08.04"]
[EventType "swiss"]
[EventRounds "9"]
[EventCountry "USA"]
[SourceTitle "CBM 083 Extra"]
[Source "ChessBase"]
[SourceDate "2001.09.11"]
[SourceVersion "1"]
[SourceVersionDate "2001.09.11"]
[SourceQuality "1"]

1. d4 Nf6 2. c4 e6 3. Nc3 d5 4. cxd5 exd5 5. Bg5 c6 6. Qc2 Be7 7. e3 Nbd7 8. Bd3 Nh5 9. Bxe7 Qxe7 10. 0-0-0 g6 11. Nf3 0-0 12. g4 Ng7 13. Rdg1 Nb6 14. h4 h6 15. Ne5 c5 16. f4 cxd4 17. exd4 Qb4 18. Nf3 Qd6 19. Qd2 h5 20. gxh5 Nxh5 21. Ne5 Nc4 22. Qf2 Kh8 23. Rg5 Bd7 24. Bxg6 Nxf4 25. Qxf4 fxg6 26. Nxg6+ Qxg6 27. Qxf8+ Rxf8 28. Rxg6 Rf2 29. Rhg1 Bf5 30. R6g2 1-0

[Event "Oz.com qual blitz"]
[Site "ICC INT"]
[Date "2000.03.05"]
[Round "7"]
[White "Hartman, Brian"]
[Black "Sagalchik, Gennadij"]
[Result "0-1"]
[WhiteElo "2405"]
[BlackElo "2540"]
[PlyCount "110"]
[EventDate "2000.03.05"]
[EventType "swiss (blitz)"]
[EventRounds "9"]
[EventCountry "USA"]
[SourceTitle "EXT 2001"]
[Source "ChessBase"]
[SourceDate "2000.11.22"]
[SourceVersion "1"]
[SourceVersionDate "2000.11.22"]
[SourceQuality "1"]

1. e4 e5 2. Nf3 Nc6 3. Nc3 Nf6 4. d4 exd4 5. Nd5 Be7 6. Bc4 d6 7. Nxd4 Nxd4 8. Qxd4 Be6 9. 0-0 0-0 10. Bb3 Nxd5 11. Bxd5 Bf6 12. Qd3 Bxd5 13. Qxd5 Qd7 14. c3 c6 15. Qd3 Rfe8 16. Be3 Qe6 17. Rfd1 Rad8 18. Bxa7 Qxe4 19. Bb6 Rd7 20. Qxe4 Rxe4 21. Re1 Rde7 22. Kf1 Kf8 23. Rxe4 Rxe4 24. Re1 Ra4 25. a3 c5 26. Bc7 Ra6 27. Re2 Be7 28. c4 Ke8 29. b4 Rxa3 30. bxc5 Ra1+ 31. Re1 Rxe1+ 32. Kxe1 dxc5 33. h3 Kd7 34. Be5 Bf6 35. Bf4 Kc6 36. Kd2 b5 37. cxb5+ Kxb5 38. Kd3 c4+ 39. Kc2 Kc5 40. Bc7 Kd4 41. Bb6+ Ke4 42. Kd2 h5 43. Bc5 c3+ 44. Kc2 Bd4 45. Bf8 g5 46. Bh6 f6 47. f3+ Kf4 48. h4 Kg3 49. hxg5 fxg5 50. Bxg5 Kxg2 51. f4 Kg3 52. Kd3 h4 53. Kxd4 h3 54. f5 h2 55. f6 h1Q 0-1

[Event "Oz.com qual blitz"]
[Site "ICC INT"]
[Date "2000.03.05"]
[Round "4"]
[White "Sagalchik, Gennadij"]
[Black "Taleb, Moussa"]
[Result "1-0"]
[WhiteElo "2540"]
[BlackElo "2312"]
[PlyCount "123"]
[EventDate "2000.03.05"]
[EventType "swiss (blitz)"]
[EventRounds "9"]
[EventCountry "USA"]
[SourceTitle "EXT 2001"]
[Source "ChessBase"]
[SourceDate "2000.11.22"]
[SourceVersion "1"]
[SourceVersionDate "2000.11.22"]
[SourceQuality "1"]

1. d4 Nf6 2. Nf3 e6 3. c4 b6 4. Nc3 Bb4 5. e3 Bb7 6. Bd3 0-0 7. Qc2 d5 8. cxd5 exd5 9. a3 Bxc3+ 10. bxc3 c5 11. c4 dxc4 12. Bxc4 Bxf3 13. gxf3 cxd4 14. Bb2 Nc6 15. Rd1 Rc8 16. Qe2 Qe7 17. exd4 Qd6 18. 0-0 Nd5 19. Qe4 Nf6 20. Qh4 Ne7 21. Bd3 Ned5 22. Qg3 Qd7 23. Kh1 Rfe8 24. Qg5 g6 25. Rfe1 Qd6 26. Re5 Red8 27. Rde1 Kg7 28. Qg3 Nh5 29. Qh4 Nhf4 30. Bb1 f6 31. R5e4 g5 32. Qg3 Rc7 33. Bc1 Rdc8 34. Bd2 h6 35. Ba2 Qxa3 36. Bb1 Rf8 37. Bxf4 Nxf4 38. Rxf4 Rc1 39. Rfe4 f5 40. R4e3 f4 41. Rxa3 Rxe1+ 42. Qg1 Rfe8 43. Be4 Rxg1+ 44. Kxg1 a5 45. Rb3 Rb8 46. Rb5 a4 47. Kf1 a3 48. Bd5 Rd8 49. Ke2 Kf6 50. Rxb6+ Ke7 51. Rb5 Rc8 52. Kd3 Rc1 53. Ra5 Rd1+ 54. Ke4 Rd2 55. Rxa3 Rxf2 56. h3 Rh2 57. Ke5 Rxh3 58. Ra7+ Kf8 59. Be4 h5 60. Bg6 g4 61. Kf6 Rxf3 62. Ra8# 1-0

[Event "New York op"]
[Site "New York"]
[Date "1998.03.18"]
[Round "5"]
[White "Tiviakov, Sergei"]
[Black "Sagalchik, Gennadij"]
[Result "1-0"]
[WhiteElo "2640"]
[BlackElo "2550"]
[PlyCount "63"]
[EventDate "1998.03.16"]
[EventType "swiss"]
[EventRounds "9"]
[EventCountry "USA"]
[SourceTitle "CBM 064"]
[Source "ChessBase"]
[SourceDate "1998.06.02"]
[SourceVersion "1"]
[SourceVersionDate "1998.06.02"]
[SourceQuality "1"]

1. e4 e5 2. Nf3 Nc6 3. Bb5 a6 4. Ba4 Nf6 5. Qe2 Be7 6. c3 b5 7. Bc2 d5 8. d3 0-0 9. Nbd2 Be6 10. 0-0 Re8 11. Rd1 Bf8 12. Nf1 h6 13. Ng3 g6 14. d4 Bg4 15. h3 Bxf3 16. Qxf3 exd4 17. cxd4 dxe4 18. Nxe4 Bg7 19. Be3 Nb4 20. Nxf6+ Qxf6 21. Qxf6 Bxf6 22. Bb3 Rad8 23. Rac1 Re7 24. a3 Nd5 25. Bxh6 g5 26. Rc5 Red7 27. Rc6 Be7 28. Re1 Nf4 29. h4 Nd3 30. Re2 Nf4 31. Re3 Kh7 32. Bxf7 1-0

[Event "New York op"]
[Site "New York"]
[Date "1997.??.??"]
[Round "?"]
[White "Chernin, Alexander"]
[Black "Sagalchik, Gennadij"]
[Result "1-0"]
[WhiteElo "2635"]
[BlackElo "2550"]
[PlyCount "39"]
[EventDate "1997.04.02"]
[EventType "swiss"]
[EventRounds "9"]
[EventCountry "USA"]
[SourceTitle "CBM 057 Extra"]
[Source "ChessBase"]
[SourceDate "1997.05.01"]
[SourceVersion "1"]
[SourceVersionDate "1997.05.01"]
[SourceQuality "1"]

1. d4 Nf6 2. Nf3 e6 3. c4 a6 4. Nc3 c5 5. d5 b5 6. Bg5 b4 7. Ne4 Be7 8. Bxf6 Bxf6 9. Qd2 d6 10. dxe6 Bxe6 11. 0-0-0 Be7 12. Qf4 0-0 13. e3 Nd7 14. Bd3 h6 15. Ng3 Qa5 16. Kb1 d5 17. Nf5 dxc4 18. Nxe7+ Kh8 19. Bxc4 Bxc4 20. Qxc4 1-0

[Event "New York op"]
[Site "New York"]
[Date "1997.??.??"]
[Round "6"]
[White "Sagalchik, Gennadij"]
[Black "Furdzik, Rafal"]
[Result "1-0"]
[WhiteElo "2550"]
[BlackElo "2220"]
[PlyCount "83"]
[EventDate "1997.04.02"]
[EventType "swiss"]
[EventRounds "9"]
[EventCountry "USA"]
[SourceTitle "EXT 2001"]
[Source "ChessBase"]
[SourceDate "2000.11.22"]
[SourceVersion "1"]
[SourceVersionDate "2000.11.22"]
[SourceQuality "1"]

1. d4 Nf6 2. c4 e5 3. dxe5 Ng4 4. e3 Nxe5 5. Nh3 Ng6 6. Nc3 d6 7. Qh5 Nd7 8. Nf4 Nxf4 9. exf4 Be7 10. Bd3 Nc5 11. Bc2 Be6 12. Qe2 0-0 13. 0-0 Bf6 14. f5 Bxc3 15. fxe6 Bf6 16. exf7+ Rxf7 17. Rb1 a5 18. Be3 Qf8 19. Qg4 g6 20. h4 Qg7 21. b3 Re8 22. h5 gxh5 23. Qxh5 Ne4 24. Rbe1 Rfe7 25. Ba7 Re5 26. Qxe8+ Rxe8 27. Bxe4 Be5 28. Be3 c6 29. Bf5 Qf6 30. Bh3 Rf8 31. Rd1 c5 32. Rd5 Qh4 33. Bxc5 Rf6 34. Bb6 Qf4 35. g3 Qh6 36. Bg2 Qh5 37. f4 Rh6 38. fxe5 dxe5 39. Rd8+ Kg7 40. Rd7+ Kg8 41. Bd5+ Kh8 42. Rf8# 1-0

[Event "North Bay op"]
[Site "North Bay"]
[Date "1996.??.??"]
[Round "?"]
[White "Castaneda, Nelson"]
[Black "Sagalchik, Gennadij"]
[Result "0-1"]
[WhiteElo "2305"]
[BlackElo "2525"]
[PlyCount "78"]
[EventDate "1996.08.??"]
[EventType "swiss"]
[EventRounds "9"]
[EventCountry "CAN"]
[SourceTitle "EXT 1998"]
[Source "ChessBase"]
[SourceDate "1997.11.17"]
[SourceVersion "1"]
[SourceVersionDate "1997.11.17"]
[SourceQuality "1"]

1. e4 e5 2. Nf3 Nc6 3. Bb5 a6 4. Ba4 Nf6 5. 0-0 Nxe4 6. d4 b5 7. Bb3 d5 8. dxe5 Be6 9. Nbd2 Nc5 10. c3 Bg4 11. h3 Bh5 12. Re1 Qd7 13. Bc2 Be7 14. Nb3 Ne6 15. Bf5 0-0 16. Qd3 Bg6 17. Be3 Ncd8 18. Rad1 c6 19. g4 a5 20. Qf1 a4 21. Nbd4 Rb8 22. Qg2 Re8 23. Rd2 Bf8 24. Ne2 Qc7 25. Ng3 Nc5 26. Bxc5 Bxc5 27. h4 Ne6 28. h5 Bxf5 29. gxf5 Nf4 30. Qh2 f6 31. e6 b4 32. Qh4 a3 33. bxa3 bxc3 34. Rc2 Nd3 35. Ree2 Rb1+ 36. Kh2 Rb2 37. Qg4 Nxf2 38. Qh4 Ne4 39. Kh3 Bf2 0-1